000 00529nam a22001697a 4500
005 20231106101411.0
008 231106b |||||||| |||| 00| 0 eng d
041 _aEnglish
082 _a346.5 POL
100 _aBeukes, ESC
_lEnglish
245 _aPolicy and Procedure Manual for Estate Practitioners on the Administration of Deceased Estates /
_cESC Beukes
250 _aFirst Edition
260 _c2006
300 _b76 pages ;
_c30 cm.
650 _aLegal practice
_bLaaw
942 _cBK
_6ALISON_BN_VRIES
999 _c305
_d305